Salgueiro Maia (Registo nº 2719)

Detalhes MARC
000 -Etiqueta do registo
Cabeçalho 00735nam a22002651 4500
005 - Identificador da versão
Campo de controlo 20240828112247.0
010 ## - Número internacional normalizado dos livros (ISBN)
Número (ISBN) 9729767920
021 ## - Número do Depósito Legal
Código do país PT
Número 136763/99
100 ## - Dados gerais de processamento
Dados gerais de processamento 19990716d1999 a y0pory500305 ba
101 0# - Língua de publicação
Língua do texto, banda sonora, etc. Português
102 ## - Pais de publicação ou produção
País de publicação Portugal
105 ## - Campo de dados codificados: livros
Dados codificados dos livros a t 001zd
106 ## - Campo de dados codificados: material textual
Dados codificados do material textual r
200 1# - Titulo e menção de responsabilidade
Título próprio Salgueiro Maia
Informação de outro título o rosto da liberdade
Primeira menção de responsabilidade textos e desenhos de António Martins
205 ## - Menção da edição
Menção da edição 1ª ed
210 ## - Publicação, Distribuição, etc. 
Lugar da edição, distribuição, etc. Santarém
Nome do editor, distribuidor, etc. Camara Municipal de Santarém/Jortejo
Data da publicação, distribuição, etc. 1999
215 ## - Descrição física 
Indicação específica da natureza do documento e extensão da espécie 28, [4] p.
Outras indicações físicas il.
Dimensões 30 cm
606 ## - Nome comum usado como assunto
Número de registo de entrada de autoridade 0001478
Palavra de ordem História
Subdivisão geográfica Portugal
Subdivisão cronológica 25 Abril 1974
Número de registo de entrada de autoridade 0000564
Palavra de ordem Biografias
675 ## - Classificação Decimal Universal (CDU)
Notação 946.9
Edição
Língua da edição por
Notação 92
Edição
Língua da edição por
700 #1 - Nome de autor-pessoa física (responsabilidade principal)
Número de registo de entrada de autoridade 0001631
Palavra de ordem Martins
Outra parte do nome não tomada para palavra de ordem António
942 ## - Elementos de entrada adicionados (Koha)
Tipo de item no Koha Livro
Exemplares
Situação do levantamento Origin of item (home branch) (coded) Biblioteca de empréstimo Código de barras Cota Circulation type (not for loan) Tipo de documento Nota do exemplar Damaged status
  Biblioteca Escolar da Coca Maravilhas Biblioteca Escolar da Coca Maravilhas BECM4374/99 9PT MAR   Livro Sem mensagem  
  Biblioteca Escolar da Coca Maravilhas Biblioteca Escolar da Coca Maravilhas BECM4375/99 9PT MAR   Livro Sem mensagem  
  Biblioteca Escolar da Coca Maravilhas Biblioteca Escolar da Coca Maravilhas BECM4376/99 9PT MAR   Livro Sem mensagem